01152nam a22002657a 4500003000900000005001700009008003100026020001800057040002200075082001800097245010800115260004100223300002600264650004500290700003500335700002500370910003700395942001200432945002700444952012600471952013100597952012900728956001200857999001700869DO-SdBNP20170905115322.0161010b2009 ck|| 00| 0 spa d a9789586773904 aBPMSUbspacBPMSU 4aR 036bS959d00aSuper diccionario ilustrado color /ceditor Gustavo de Elorza Martinez ; textos de María D. Mascasas aBogotá : bZamora Editores, c2009 a3 v. : bil. :c32 cm 4aENCICLOPEDIAS Y DICCIONARIOS ESPAÑOLES12aElorza Martinez, Gustavo de 12aMascasas, María D. aValidado. Control de calidad MFF 2ddccBK aInventariado, 2017/MFF 00102ddc40708CR-GaBPMETbBPMETd2016-10-10esin sellarl0oR 036 S959dpBPMSU16100019r2016-10-10w2016-10-10yBK 00102ddc40708CR-GaBPMETbBPMETd2016-10-10esin sellarl0oR 036 S959dpBPMSU16100020r2016-10-10te.2w2016-10-10yBK 00102ddc40708CR-GaBPMETbBPMETd2016-10-10esin sellarl0oR 036 S959dpBPMSU16100021r2016-10-10te.3w2016-10-10yBK adgarcia c11502d11502